Five Countries with Most Jews by Continent - Statistics

General Stats
  • This quiz has been taken 5,946 times
    4,100 since last reset
  • The average score is 22 of 29
Answer Stats
Population Country % Correct
6.7 m Israel
98%
5.7 m United States
98%
390,000 Canada
95%
270,000 United Kingdom
95%
450,000 France
94%
92,000 Australia
93%
92,000 Brazil
93%
84,000 Germany
93%
40,000 Mexico
93%
180,000 Argentina
92%
7,500 New Zealand
91%
160,000 Russia
91%
18,300 Chile
86%
67,000 South Africa
86%
17,000 Uruguay
79%
4,700 India
75%
9,600 Venezuela
75%
15,000 Turkey
73%
~300 Fiji
69%
106,000 Ukraine
69%
10,000 Panama
68%
2,200 Morocco
66%
9,000 Iran
62%
2,500 Costa Rica
59%
2,000 Tunisia
52%
~10 Palau
42%
7,800 Azerbaijan
32%
400 Zimbabwe
27%
7,200 Uganda
23%
No matching quizzes found
Score Distribution
Percent of People with Each Score
Percentile by Number Answered
Your Score History
You have not taken this quiz since the last reset